00663nam a2200181 i 4500001000700000003000900007005001700016007000300033008004100036080001900077100003700096245012200133260004000255300002000295852002400315999001900339952012300358140760ES-MaACL20240516063048.0t|070917s1934 xxk ||||1| eng d a821.111-94"19"0 aWells, H. G.,d1866-1946911645810aExperiment in autobiography b: discoveries and conclusions of a very ordinary brain (since 1866) / cby H. G. Wells. aLondon : bVictor Gollancz, c1934. a2 v. ; c20 cm. aES-MaACLjA-2875-76 c140760d140760 00104070aATENEOMbATENEOMcSPP1d2008-01-17eSCl0oA-2875-76p1146474r2023-02-23 00:00:00w2023-02-23yMONOGRAFIA